000 00508nam a2200217Ia 4500
003 OSt
005 20220923230728.0
006 a|||||r|||| 00| 0
007 ta
008 Pun
024 _a305,127
037 _cTextual
040 _aARTS
_cARTS
_bPun
041 _2Pun
_aPun
082 _aQ8441:417, 153J0;K6
245 0 _aਪੰਜ ਗ੍ਰੰਥੀ ਸਟੀਕ
260 _c1966
650 _aਧਰਮ
942 _hQ8441:417, 153J0;K6
_cTEXL
_2CC
999 _c386930
_d386930